History Fun Facts Quiz (hard) - Statistics

General Stats
  • This quiz has been taken 891 times
  • The average score is 4 of 14
Answer Stats
Hint Answer % Correct
Which country's military has won the most battles throughout history? France
74%
What was the most common cause of death for Roman emperors? assassination
67%
How many years did the 100 year war last? 116
62%
Who did the Taiping Rebellion's leader claim to be descended from? Jesus
41%
What do "God Save the King", "Heil Dir im Siegerkranz" and "My Country 'Tis of Thee" have in common? melody
24%
Who was Nazi Germany's last head of state? Dönitz
21%
In which city did the only battle between Japanese and German soldiers take place? Tsingtau
17%
Who is supposed to be "crushed" according to a verse of the British national anthem that is no longer sung? Scots
16%
Who succeeded Wilhelm I as German Emperor? Friedrich III
12%
What was Hitler's father's surname before changing it? Schicklgruber
9%
What was the most expensive weapons project of WW2? B-29
4%
What did Pu Yi, the last Emperor of China, work as in the 60s? street sweeper
4%
Which single human being has probably caused the biggest environmental damage? Thomas Midgley
3%
Which doctrine replaced the Breshnev doctrine in the US under Gorbachev? Sinatra Doctrine
2%
No matching quizzes found
Score Distribution
Percent of People with Each Score
Percentile by Number Answered
Your Score History
You have not taken this quiz